The birth of modern Turkey : the Ottoman military and the march to World War I

Saved in:
Bibliographic Details
Main Author: Akmese, Handan Nezir
Format: Book
Language:English
Published: London : I.B. Tauris, 2005
Series:International library of twentieth century history ; ; 4
Subjects:
Tags: Add Tag
No Tags, Be the first to tag this record!

MARC

LEADER 00000cam a2200000 i 4500
001 1/3644
008 100125s2005 eng d
020 |a 978-1-85043-797-0 
020 |a 1-85043-797-1 
035 |l 10106447 
040 |a GR-MY-UA  |b gre  |e aacr 
041 0 |a eng 
082 0 |a 956.102  |2 (22) 
100 1 |a Akmese, Handan Nezir. 
245 1 4 |a The birth of modern Turkey :  |b the Ottoman military and the march to World War I /  |c Handan Nezir Akmese 
260 |a London :   |b I.B. Tauris,   |c 2005 
300 |a xi, 224 σ.;  |c 24 εκ. 
490 1 |a International library of twentieth century history  |v ; 4 
504 |a Βιβλιογραφία: σ. [193]-217 
504 |a Ευρετήριο: σ. [219]-224 
651 0 |a Turkey  |x History  |y 20th century. 
651 0 |a Turkey  |x Politics and government  |y 20th century. 
651 0 |a Turkey  |x Military policy. 
651 0 |a Turkey  |x History, Military  |y 20th century. 
830 0 |a International library of twentieth century history ;  |v ; 4 
852 |a INST  |b LESVOS  |e 20100125  |h 956.102 AKM  |p 005100046003  |q 005100046003  |t BK  |y 0 
901 |a BIBL1-2010-1 
909 |a Λ  |b 160666 
970 |a ΚΑΡΑ  |b ΓΙΑΣΕΜΗ  |z 2010/01/25